Country groups quiz - #3 - Statistics

General Stats
  • This quiz has been taken 2,404 times
    2,355 since last reset
  • The average score is 19 of 28
Answer Stats
Hint Answer % Correct
United Kingdom
96%
United States
96%
Latvia
95%
Russia
94%
Iraq
93%
Haiti
91%
The two countries that share the island of Hispaniola Dominican Republic
89%
Poland
89%
The four countries that border Lithuania Belarus
87%
Canada
87%
The six countries that have the most first language English speakers Australia
86%
The seven countries that border Iran Afghanistan
83%
Pakistan
79%
New Zealand
76%
Vatican City
75%
Ireland
73%
San Marino
73%
Turkey
70%
Turkmenistan
68%
The three enclave countries Lesotho
67%
Armenia
65%
Azerbaijan
63%
South Africa
52%
The five countries that human rights watch declared made exemplary progress in gay rights Brazil
29%
Spain
27%
The country without an official capital Nauru
19%
Romania
9%
Fiji
5%
No matching quizzes found
Score Distribution
Percent of People with Each Score
Percentile by Number Answered
Your Score History
You have not taken this quiz since the last reset